000 00846cam a2200229 4500
001 X110776
008 000000n2000 000 0 eng u
035 _a(Sirsi) u110776
100 _aBrymer, S.
245 _aEnforcing commercial lease terms against successive landlords. Part 1
260 _c2000
490 _aProperty Law
_v(49) December2000, 4-6(3)
520 _aExamines law as it currently stands with regard to the transmissibility of options to purchase and exclusivity clauses against singular successors of the landlord. Part 2 is published in Property Law Vol 50 pages 3-5
590 _aABS
650 _aCOMMERCIAL LEASES
650 _aDAVIDSON V ZANI
650 _aLEASES ACT 1449
650 _aREGISTRATION OF LEASES (SCOTLAND) ACT 1857
650 _aSCOTLAND
690 _aLANDLORD AND TENANT-LEASES
942 _n0
999 _c66035
_d66035